Chaînes YouTube françaises à plus de 2 M d'abonnés - Statistiques

Statistiques générales
  • Ce quiz a été pris 178 fois
  • Le résultat moyen est 8 sur 21
Statistiques - réponses
Chaîne YouTube % Correct
Cyprien
99%
Norman fait des vidéos
97%
Squeezie
91%
Natoo
67%
Mister V
49%
Le Rire Jaune
44%
Andy
42%
Rémi Gaillard
42%
EnjoyPhoenix
38%
joueurdugrenier
33%
CyprienGaming
31%
Golden Moustache
29%
Hugo Tout Seul
29%
Studio Bagel
28%
Le Woop
25%
MrAntoineDaniel
24%
Seb
19%
LaChaineDeJeremy
13%
Palmashow
13%
Les Tutos
5%
Cauet
4%
Aucun quiz correspondant
Distribution des résultats
% des personnes avec chaque résultat
Percentile par nombre de réponses
Votre historique - résultats
Vous n’avez pas pris ce quiz